000 004550000a22001690004500
003 LK-CoMWRAF
005 20230923204525.0
008 230817t ||||| |||| 00| 0 eng d
040 _aLK-CoMWRAF
_dLK-CoMWRAF
_eLK-CoMWRAF
041 _aeng
082 _a297.57
_bPAY
245 _aPayment of Zakath :
_bA Questionnaire
260 _aSri Lanka (Colombo 04) :
_bThe Ceylon baithul-mal fund,
_c1972
300 _a05p
650 _aIslam-Zakath
942 _cBK
999 _c1755
_d1755